[Event "FIDE World Rapid Team"]
[Site "Almaty KAZ"]
[Date "2024.08.02"]
[Round "1.33"]
[White "Skak, Abuali"]
[Black "Bernadskiy, Vitaliy"]
[Result "0-1"]
[BlackTitle "GM"]
[WhiteElo "1969"]
[BlackElo "2530"]
[WhiteTeam "Chess Mates"]
[BlackTeam "Q4Rail Kingsofchess Krakow"]
[WhiteFideId "13739026"]
[BlackFideId "14100371"]
[EventDate "2024.08.02"]

1. d4 Nf6 2. Nf3 g6 3. g3 Bg7 4. Bg2 O-O 5. O-O d6 6. c4 Nbd7 7. Nc3 e5 8. Qc2
exd4 9. Nxd4 Nb6 10. b3 c5 11. Nf3 Bf5 12. Qd2 d5 13. Bb2 dxc4 14. Qxd8 Raxd8
15. Nh4 Bc8 16. Rad1 cxb3 17. axb3 Be6 18. Bxb7 Bxb3 19. Rxd8 Rxd8 20. Nb5 Bc4
21. Nc3 Rd2 22. Ba3 Rc2 23. Ne4 Nxe4 24. Bxe4 Rxe2 25. Bxc5 Rxe4 0-1

[Event "FIDE World Rapid Team"]
[Site "Almaty KAZ"]
[Date "2024.08.02"]
[Round "1.34"]
[White "Gumularz, Szymon"]
[Black "Akhmedya, Madyar"]
[Result "1-0"]
[WhiteTitle "GM"]
[WhiteElo "2571"]
[BlackElo "1786"]
[WhiteTeam "Q4Rail Kingsofchess Krakow"]
[BlackTeam "Chess Mates"]
[WhiteFideId "1188062"]
[BlackFideId "13739727"]
[EventDate "2024.08.02"]

1. c4 e5 2. g3 Nc6 3. Bg2 g6 4. Nc3 Bg7 5. e3 d6 6. Nge2 f5 7. d3 Nf6 8. Rb1 a5
9. a3 O-O 10. b4 axb4 11. axb4 Ne7 12. O-O Kh8 13. b5 d5 14. cxd5 Nfxd5 15. Nxd5
Nxd5 16. Qc2 Be6 17. Bd2 Qd7 18. Rfc1 Rfd8 19. Nc3 Nxc3 20. Bxc3 Qxd3 21. Qxd3
Rxd3 22. Bxb7 Ra2 23. Be1 Rd7 24. Bc8 Re7 25. Bxe6 Rxe6 26. Rc2 c5 27. Rxc5 h5
28. Rc8+ Kh7 29. b6 1-0

[Event "FIDE World Rapid Team"]
[Site "Almaty KAZ"]
[Date "2024.08.02"]
[Round "1.35"]
[White "Akhmediyar, Yernur"]
[Black "Kulon, Klaudia"]
[Result "0-1"]
[BlackTitle "IM"]
[WhiteElo "1853"]
[BlackElo "2415"]
[WhiteTeam "Chess Mates"]
[BlackTeam "Q4Rail Kingsofchess Krakow"]
[WhiteFideId "13732129"]
[BlackFideId "1131044"]
[EventDate "2024.08.02"]

1. c4 Nf6 2. Nc3 g6 3. g3 Bg7 4. Bg2 O-O 5. d3 c6 6. e4 e5 7. Nge2 d6 8. O-O Be6
9. f4 Qc8 10. Qc2 Bh3 11. f5 Bxg2 12. Kxg2 d5 13. h3 h6 14. g4 dxc4 15. dxc4 b5
16. cxb5 cxb5 17. Qb3 Kh7 18. Qxb5 Nc6 19. Qc5 Nd4 20. Qxc8 Rfxc8 21. Ng3 Rab8
22. Rf2 Ne8 23. Be3 Nd6 24. Nd5 Nc4 25. Bxd4 exd4 26. Rb1 Rb7 27. b3 Be5 28. Nf1
Nd6 29. Re1 Rc5 30. b4 Rc8 31. Nd2 d3 32. Nb3 Bc3 33. Re3 d2 34. Nxd2 0-1

[Event "FIDE World Rapid Team"]
[Site "Almaty KAZ"]
[Date "2024.08.02"]
[Round "1.37"]
[White "Vokhidov, Shamsiddin"]
[Black "Williams, Justus"]
[Result "1-0"]
[WhiteTitle "GM"]
[BlackTitle "IM"]
[WhiteElo "2643"]
[BlackElo "2361"]
[WhiteTeam "Royal Chess"]
[BlackTeam "Kazakhstan dream team"]
[WhiteFideId "14204223"]
[BlackFideId "2049929"]
[EventDate "2024.08.02"]

1. e4 c5 2. Nf3 d6 3. d4 cxd4 4. Nxd4 Nf6 5. Nc3 a6 6. h3 e5 7. Nb3 Be7 8. Be3
Be6 9. Qf3 Nbd7 10. O-O-O Rc8 11. Nd5 Bxd5 12. exd5 Nb6 13. Kb1 O-O 14. g4 Qc7
15. c3 e4 16. Qe2 Nfxd5 17. Bd4 Qc6 18. Bg2 Nf4 19. Qxe4 Nxg2 20. Qxe7 Nc4 21.
Bxg7 Kxg7 22. Nd4 Qb6 23. Ne6+ 1-0

[Event "FIDE World Rapid Team"]
[Site "Almaty KAZ"]
[Date "2024.08.02"]
[Round "1.38"]
[White "Ishmukhametov, Adil"]
[Black "Vakhidov, Jakhongir"]
[Result "1/2-1/2"]
[BlackTitle "GM"]
[WhiteElo "2077"]
[BlackElo "2571"]
[WhiteTeam "Kazakhstan dream team"]
[BlackTeam "Royal Chess"]
[WhiteFideId "13700170"]
[BlackFideId "14201801"]
[EventDate "2024.08.02"]

1. e4 c5 2. c4 Nc6 3. Nc3 g6 4. g3 Bg7 5. Bg2 d6 6. Nge2 Bd7 7. d3 Nf6 8. O-O
Qc8 9. h4 O-O 10. Rb1 Bh3 11. Nf4 Bxg2 12. Kxg2 h6 13. Nfd5 Nxd5 14. Nxd5 e6 15.
Nc3 f5 16. f4 Qd7 17. Bd2 Rae8 18. a3 Nd4 19. Ne2 e5 20. Nxd4 cxd4 21. Qe2 Qc6
22. Rbe1 h5 23. Kh2 exf4 24. Bxf4 Re6 25. b4 fxe4 26. dxe4 Rfe8 27. Qd3 a6 28.
b5 axb5 29. cxb5 Qc3 30. Rd1 Rxe4 31. Qxc3 dxc3 32. Rxd6 c2 33. Rd7 Rxf4 34.
gxf4 Rc8 35. Rxg7+ Kxg7 36. Rc1 Kf6 37. Kg3 Kf5 38. Kf3 Rc3+ 39. Ke2 Kxf4 40.
Kd2 Rxa3 41. Rxc2 Ra5 42. Rb2 Ra4 43. Kc3 Kg3 44. Re2 Ra8 45. Re4 Rg8 46. Kb4 g5
47. hxg5 h4 48. Re7 h3 49. Rxb7 Rh8 50. Rd7 h2 51. Rd1 Rh4+ 52. Ka5 Rg4 53. b6
Rxg5+ 54. Ka6 Rg6 55. Ka7 1/2-1/2

[Event "FIDE World Rapid Team"]
[Site "Almaty KAZ"]
[Date "2024.08.02"]
[Round "1.39"]
[White "Vahidov, Tair"]
[Black "Beisikenov, Eduard"]
[Result "1-0"]
[WhiteTitle "GM"]
[WhiteElo "2345"]
[BlackElo "1821"]
[WhiteTeam "Royal Chess"]
[BlackTeam "Kazakhstan dream team"]
[WhiteFideId "14200155"]
[BlackFideId "13785079"]
[EventDate "2024.08.02"]

1. c4 e5 2. Nc3 Nf6 3. Nf3 Nc6 4. d4 exd4 5. Nxd4 Bb4 6. Bg5 h6 7. Bh4 O-O 8.
Rc1 Re8 9. e3 d6 10. Be2 g5 11. Nxc6 bxc6 12. Bg3 Ne4 13. Bf3 Bxc3+ 14. bxc3 Bf5
15. O-O Qd7 16. Re1 Rab8 17. Bxe4 Bxe4 18. f3 Bg6 19. c5 d5 20. c4 Rb2 21. cxd5
cxd5 22. c6 Qd8 23. a3 h5 24. Qd4 Rb6 25. Rc5 Qe7 26. h4 g4 27. Qxd5 gxf3 28.
gxf3 Rd8 29. Qe5 Qf8 30. Qxc7 Rd2 31. Qe5 Bf5 1-0

[Event "FIDE World Rapid Team"]
[Site "Almaty KAZ"]
[Date "2024.08.02"]
[Round "1.40"]
[White "Sakenov, Askar"]
[Black "Vakhidov, Daler"]
[Result "0-1"]
[BlackTitle "FM"]
[WhiteElo "1715"]
[BlackElo "2211"]
[WhiteTeam "Kazakhstan dream team"]
[BlackTeam "Royal Chess"]
[WhiteFideId "13713655"]
[BlackFideId "14205262"]
[EventDate "2024.08.02"]

1. e4 c5 2. Nf3 g6 3. d4 cxd4 4. Nxd4 Bg7 5. c4 Nc6 6. Be3 Nf6 7. Nc3 O-O 8. Be2
d6 9. O-O Bd7 10. h3 Nxd4 11. Bxd4 Bc6 12. Qc2 a5 13. b3 Nd7 14. Bxg7 Kxg7 15.
Rad1 Qb6 16. Kh1 a4 17. f4 axb3 18. axb3 Ra3 19. Rb1 Kg8 20. f5 Rfa8 21. fxg6
hxg6 22. Rfd1 Qb4 23. Rf1 Qb6 24. Rfd1 Nc5 25. b4 Na4 26. Nd5 Bxd5 27. exd5 Nc3
28. Bf3 Nxb1 29. Rxb1 Qd4 30. Rd1 Ra1 31. Kh2 Qe5+ 32. Kh1 Rxd1+ 33. Bxd1 Ra1 0-1

[Event "FIDE World Rapid Team"]
[Site "Almaty KAZ"]
[Date "2024.08.02"]
[Round "1.41"]
[White "Malikova, Marjona"]
[Black "Aitmukhanova, Dinara"]
[Result "1-0"]
[WhiteTitle "WIM"]
[WhiteElo "2083"]
[BlackElo "1611"]
[WhiteTeam "Royal Chess"]
[BlackTeam "Kazakhstan dream team"]
[WhiteFideId "14212463"]
[BlackFideId "13726722"]
[EventDate "2024.08.02"]

1. d4 e6 2. c4 Bb4+ 3. Bd2 Nc6 4. Bxb4 Nxb4 5. a3 Na6 6. Nc3 Nf6 7. Nf3 b6 8. e4
Bb7 9. Bd3 d6 10. O-O O-O 11. Qe2 Re8 12. Rfd1 Nh5 13. g3 f5 14. Ne1 Qg5 15. Ng2
f4 16. h4 Qh6 17. g4 Rf8 18. Qf3 c5 19. d5 e5 20. gxh5 g6 21. Nb5 Rad8 22. Be2
Bc8 23. Nxa7 Bd7 24. Nc6 Rde8 25. Kf1 Rf7 26. hxg6 Qxg6 27. h5 Qg5 28. h6 Rf6
29. Qh5 Qxh5 30. Bxh5 Rxh6 31. Bxe8 Bxe8 32. f3 Bh5 33. Kf2 Nc7 34. Rg1 Kf8 35.
Nh4 Ne8 36. Nf5 Rf6 37. b4 Rg6 38. bxc5 Rg3 39. Rxg3 fxg3+ 40. Kxg3 Nf6 41. cxb6
Nd7 42. b7 Kf7 43. Nxd6+ Kf6 44. b8=Q Nxb8 45. Nxb8 1-0

[Event "FIDE World Rapid Team"]
[Site "Almaty KAZ"]
[Date "2024.08.02"]
[Round "1.43"]
[White "Malyi, Viacheslav"]
[Black "Makhnev, Denis"]
[Result "1/2-1/2"]
[WhiteTitle "FM"]
[BlackTitle "GM"]
[WhiteElo "2391"]
[BlackElo "2551"]
[WhiteTeam "KRG-Team"]
[BlackTeam "Astana-1"]
[WhiteFideId "14123983"]
[BlackFideId "13707647"]
[EventDate "2024.08.02"]

1. e4 e5 2. f4 d5 3. Nf3 exf4 4. exd5 Nf6 5. d4 Nxd5 6. Bc4 c6 7. O-O Be7 8.
Bxd5 cxd5 9. Bxf4 Nc6 10. Ne5 O-O 11. Nxc6 bxc6 12. c3 a5 13. Nd2 Qb6 14. Qb3
Qa7 15. Qc2 Re8 16. Rfe1 Bg4 17. Qd3 Bh5 18. Qg3 Qd7 19. Nf3 f6 20. Nd2 a4 21.
b4 g5 22. Nf1 Bg6 23. Bd2 a3 24. Qf2 h6 25. Re3 f5 26. Rae1 Bd6 27. Rxe8+ Rxe8
28. Rxe8+ Qxe8 29. Bc1 Qe4 30. Bxa3 Qb1 31. Qb2 f4 32. Qxb1 Bxb1 33. Nd2 Bxa2
34. Kf2 Kf7 35. Nf3 Ke6 36. h3 Bc4 37. Bc1 Bb5 38. Nd2 Kf5 39. Nb3 h5 40. Nc5 g4
41. hxg4+ hxg4 42. Bd2 Be7 43. g3 fxg3+ 44. Kxg3 Bd6+ 45. Kf2 g3+ 46. Kf3 Bf1
47. Be3 Bh3 48. Bg1 Bg4+ 49. Kg2 Be2 50. Nd7 Bf4 51. Ne5 Bb5 52. Kf3 Bd2 53.
Kxg3 Bxc3 54. Kf3 Bxb4 55. Nd7 Ba4 56. Nc5 Bd1+ 57. Ke3 Bc2 58. Bh2 Be4 59. Bc7
Ba3 60. Kd2 Bb2 61. Ke3 Bc1+ 62. Ke2 Bg5 63. Be5 Kg4 64. Ne6 Be7 65. Nc5 Bg6 66.
Ke3 Bg5+ 67. Ke2 Bh5 68. Kd3 Kf3 69. Ne6 Bg6+ 70. Kc3 Bh4 71. Kb4 Bf5 72. Nc7
Be7+ 73. Ka5 Ke4 74. Bg7 c5 75. Nxd5 Kxd5 76. dxc5 Bxc5 77. Bc3 Bd7 78. Bb4 Bd4
79. Bf8 Kc4 80. Be7 Bc6 81. Bf8 Be4 82. Be7 Bc3+ 83. Kb6 Kd5 84. Bf8 Bf6 85. Kc7
Ke6 86. Bb4 Be5+ 87. Kb6 Bd3 88. Ba3 Be2 89. Bb4 Kd7 90. Bf8 Bb2 91. Bb4 Bf6 92.
Bf8 Bb2 93. Bb4 Bf6 94. Bf8 Bb2 1/2-1/2

[Event "FIDE World Rapid Team"]
[Site "Almaty KAZ"]
[Date "2024.08.02"]
[Round "1.44"]
[White "Kotsur, Pavel"]
[Black "Altynbekuly, Madiyar"]
[Result "1-0"]
[WhiteTitle "GM"]
[WhiteElo "2478"]
[BlackElo "2114"]
[WhiteTeam "Astana-1"]
[BlackTeam "KRG-Team"]
[WhiteFideId "13700278"]
[BlackFideId "13736264"]
[EventDate "2024.08.02"]

1. Nf3 Nf6 2. g3 d5 3. Bg2 Nbd7 4. d4 Nb6 5. Nbd2 Bf5 6. Nh4 Bg4 7. h3 Bh5 8. g4
Bg6 9. c3 e6 10. Nxg6 hxg6 11. e4 dxe4 12. Nxe4 Nxe4 13. Bxe4 c6 14. a4 a5 15.
Qf3 Bd6 16. b3 Nd5 17. Bd2 Qc7 18. Kf1 Bf4 19. Be1 g5 20. Rd1 Rd8 21. c4 Nf6 22.
Bc2 Kf8 23. Bc3 Kg8 24. Kg2 Nd7 25. Rhe1 Nf8 26. Be4 Bd6 27. Bb2 Qe7 28. d5 cxd5
29. cxd5 e5 30. Re2 Nd7 31. Rde1 Nc5 32. Bc2 f6 33. Bf5 Kf7 34. Be6+ Nxe6 35.
dxe6+ Kxe6 36. Qf5+ Kf7 37. Bxe5 Qd7 38. Bxd6 Qxd6 39. Re6 Qd5+ 40. Qxd5 Rxd5
41. Re7+ Kg6 42. Rxb7 Rd3 43. Ree7 Rh7 44. Re3 Rd5 45. Rb5 Rxb5 46. axb5 Rh8 47.
Rc3 Rb8 48. Rc5 Kf7 49. Kf3 Ke6 50. Ke4 Kd6 51. Kd4 Re8 52. Rd5+ Ke6 53. b6 Rb8
54. Rb5 Kd6 55. b7 Kc6 56. Kc4 g6 57. f3 Rxb7 58. Rxb7 Kxb7 59. Kb5 Kc7 60. Kxa5
Kd6 61. b4 Ke5 62. b5 Kf4 63. b6 Kxf3 64. b7 Kg3 65. b8=Q+ Kxh3 66. Qc8 Kg3 67.
Kb4 Kf4 68. Kc3 f5 69. gxf5 gxf5 70. Kd2 1-0

[Event "FIDE World Rapid Team"]
[Site "Almaty KAZ"]
[Date "2024.08.02"]
[Round "1.45"]
[White "Savitskiy, Vladimir"]
[Black "Kamalidenova, Meruert"]
[Result "0-1"]
[BlackTitle "IM"]
[WhiteElo "1893"]
[BlackElo "2352"]
[WhiteTeam "KRG-Team"]
[BlackTeam "Astana-1"]
[WhiteFideId "13739999"]
[BlackFideId "13712802"]
[EventDate "2024.08.02"]

1. d4 Nf6 2. c4 g6 3. Nc3 Bg7 4. Bg5 d6 5. Nf3 h6 6. Bh4 g5 7. Bg3 c5 8. e3 Qb6
9. Qc2 Nc6 10. d5 Nb4 11. Qd2 Bf5 12. Rc1 Ne4 13. Nxe4 Bxe4 14. b3 Qa5 15. a4 b6
16. Kd1 a6 17. Ne1 b5 18. f3 Bf5 19. cxb5 axb5 20. Bxb5+ Bd7 21. Bxd7+ Kxd7 22.
Ke2 Qa6+ 23. Rc4 Qb7 24. Nd3 Na6 25. Rb1 Rhb8 26. e4 Ke8 27. h4 Bf6 28. hxg5
hxg5 29. e5 dxe5 30. Nxe5 Rd8 31. Nc6 Rd7 32. Be5 Qxc6 33. dxc6 Rxd2+ 34. Kxd2
Bxe5 35. Re1 f6 36. Kc1 Rc8 37. Rh1 Rxc6 38. Rh8+ Kd7 39. Ra8 Bd4 40. Kb1 Rb6
41. a5 Rxb3+ 42. Ka2 Rb2+ 43. Ka3 Nc7 44. Ra7 Rb1 45. Rc2 Kc6 46. Ka2 Ra1+ 47.
Kb3 Nb5 48. Re2 Nxa7 0-1

[Event "FIDE World Rapid Team"]
[Site "Almaty KAZ"]
[Date "2024.08.02"]
[Round "1.46"]
[White "Kostenko, Petr"]
[Black "Kazhiakhmetova, Yerkenaz"]
[Result "1-0"]
[WhiteTitle "GM"]
[WhiteElo "2338"]
[BlackElo "1602"]
[WhiteTeam "Astana-1"]
[BlackTeam "KRG-Team"]
[WhiteFideId "13700669"]
[BlackFideId "13777610"]
[EventDate "2024.08.02"]

1. c4 Nf6 2. Nc3 g6 3. e4 d6 4. g3 Bg7 5. Bg2 O-O 6. Nge2 e5 7. O-O Nc6 8. d3
Ne8 9. Nd5 a5 10. Be3 Nd4 11. Qd2 c6 12. Ndc3 f5 13. f4 Be6 14. Rae1 Nc7 15.
fxe5 dxe5 16. Bg5 Nxe2+ 17. Rxe2 Qd7 18. Na4 Qe8 19. Bh6 Rd8 20. Bxg7 Kxg7 21.
Qxa5 Qe7 22. Qxe5+ 1-0

[Event "FIDE World Rapid Team"]
[Site "Almaty KAZ"]
[Date "2024.08.02"]
[Round "1.47"]
[White "Magzumov, Damirali"]
[Black "Ibrayev, Nurlan"]
[Result "0-1"]
[BlackTitle "GM"]
[WhiteElo "1756"]
[BlackElo "2367"]
[WhiteTeam "KRG-Team"]
[BlackTeam "Astana-1"]
[WhiteFideId "13727117"]
[BlackFideId "13700650"]
[EventDate "2024.08.02"]

1. e4 c5 2. Nf3 d6 3. d4 cxd4 4. Nxd4 Nf6 5. Nc3 a6 6. Bg5 e6 7. f4 h6 8. Bh4
Be7 9. Qf3 Qc7 10. O-O-O Nbd7 11. g4 g5 12. fxg5 Ne5 13. Qe2 Nfxg4 14. Nf3 Nxf3
15. Qxf3 hxg5 16. Bg3 Ne5 17. Bxe5 dxe5 18. Be2 Bd7 19. Rhf1 Rh7 20. Qf2 O-O-O
21. Rd3 Bc6 22. Nd5 Bxd5 23. exd5 Bc5 24. Qf6 Rxh2 25. d6 Rxd6 26. Rxd6 Bxd6 27.
Bd3 e4 28. Bxe4 Be5 29. Qxf7 Bf4+ 30. Rxf4 Qxf4+ 0-1

[Event "FIDE World Rapid Team"]
[Site "Almaty KAZ"]
[Date "2024.08.02"]
[Round "1.48"]
[White "Naimanov, Rinat"]
[Black "Amangeldinov, Alkey"]
[Result "0-1"]
[WhiteElo "1749"]
[BlackElo "1721"]
[WhiteTeam "Astana-1"]
[BlackTeam "KRG-Team"]
[WhiteFideId "13785109"]
[BlackFideId "13770268"]
[EventDate "2024.08.02"]

1. e4 c6 2. d4 d5 3. exd5 cxd5 4. c4 Nf6 5. Nc3 e6 6. Nf3 Bb4 7. cxd5 Nxd5 8.
Bd2 Nc6 9. Bd3 O-O 10. O-O Be7 11. Be4 Bf6 12. Ne2 Qb6 13. Bc3 Bd7 14. Re1 Rad8
15. Qd2 Nxc3 16. bxc3 Qc7 17. Nf4 g6 18. Rac1 Na5 19. Nh3 Nc4 20. Qh6 Bg7 21.
Qh4 h6 22. Bb1 Bc6 23. Nfg5 Qe7 24. g3 Bf6 25. Qxh6 Rfe8 26. Qh7+ Kf8 27. Qh6+
Bg7 28. Qh7 Nd2 29. Be4 Bxe4 30. Nxe4 Nf3+ 31. Kg2 Nxe1+ 32. Rxe1 e5 33. Neg5
Qf6 34. Qh4 Qc6+ 35. f3 exd4 0-1

[Event "FIDE World Rapid Team"]
[Site "Almaty KAZ"]
[Date "2024.08.02"]
[Round "1.1"]
[White "Short, Nigel D"]
[Black "Beristenov, Kair"]
[Result "1-0"]
[WhiteTitle "GM"]
[WhiteElo "2594"]
[BlackElo "1995"]
[WhiteTeam "FIDE Management Board"]
[BlackTeam "Future GM"]
[WhiteFideId "400025"]
[BlackFideId "13777831"]
[EventDate "2024.08.02"]

1. e4 c5 2. Nf3 Nc6 3. Nc3 Nf6 4. d4 cxd4 5. Nxd4 e5 6. Nde2 h6 7. Be3 Be7 8. f3
d6 9. Qd2 Be6 10. Nd5 O-O 11. O-O-O Rc8 12. Kb1 Bxd5 13. exd5 Na5 14. b3 Nh7 15.
h4 b6 16. g4 Bxh4 17. Bxh6 Bg5 18. Bxg5 Qxg5 19. Ng3 Qxd2 20. Rxd2 Ng5 21. Nf5
Rc7 22. Rdh2 f6 23. Rh8+ Kf7 24. Nxd6+ Ke7 25. Nf5+ Kf7 26. Rxf8+ Kxf8 27. d6
Rc3 28. Rh8+ Kf7 29. d7 Ne6 30. d8=Q Nxd8 31. Rxd8 Rxf3 32. Rd7+ Ke8 33. Bb5 1-0

[Event "FIDE World Rapid Team"]
[Site "Almaty KAZ"]
[Date "2024.08.02"]
[Round "1.2"]
[White "Borumbayev, Adil"]
[Black "Bologan, Victor"]
[Result "0-1"]
[BlackTitle "GM"]
[WhiteElo "1848"]
[BlackElo "2598"]
[WhiteTeam "Future GM"]
[BlackTeam "FIDE Management Board"]
[WhiteFideId "13747932"]
[BlackFideId "13900048"]
[EventDate "2024.08.02"]

1. d4 d6 2. c4 e5 3. d5 Be7 4. Nc3 a5 5. e4 Bg5 6. Bd3 Bxc1 7. Qxc1 Na6 8. Nge2
Ne7 9. O-O Ng6 10. a3 Bd7 11. Ng3 Nc5 12. Bc2 a4 13. Nce2 h5 14. f4 h4 15. Nf5
Qf6 16. Qe3 exf4 17. Nxf4 Nxf4 18. Qxf4 Bxf5 19. e5 dxe5 20. Qe3 Qb6 21. Qxe5+
Ne6+ 22. Kh1 Bxc2 23. dxe6 Qxe6 24. Qb5+ c6 25. Qc5 Be4 26. Rae1 h3 27. Kg1
O-O-O 28. Qa7 Qxc4 29. Qa8+ Kc7 30. Qa5+ Kd7 31. Qe5 Bd5 32. Rc1 Qg4 33. g3 Rhe8 0-1

[Event "FIDE World Rapid Team"]
[Site "Almaty KAZ"]
[Date "2024.08.02"]
[Round "1.3"]
[White "Al-Mudahka, Mohd"]
[Black "Zeynyshev, Elnur"]
[Result "1/2-1/2"]
[WhiteTitle "GM"]
[WhiteElo "2542"]
[BlackElo "1812"]
[WhiteTeam "FIDE Management Board"]
[BlackTeam "Future GM"]
[WhiteFideId "12100030"]
[BlackFideId "13719386"]
[EventDate "2024.08.02"]

1. e4 c5 2. Nc3 Nc6 3. f4 g6 4. Nf3 Bg7 5. Bc4 e6 6. f5 gxf5 7. d3 Nge7 8. O-O
d5 9. exd5 exd5 10. Bb3 Be6 11. Qe1 Qd7 12. Bf4 O-O-O 13. Nb5 Ng6 14. Nd6+ Kb8
15. Nxf5+ Nxf4 16. Nxg7 Ka8 17. Ne5 Nxe5 18. Qxe5 Ng6 19. Qf6 Rhf8 20. c3 Bg4
21. Rae1 a6 22. d4 c4 23. Bc2 Qd6 24. b3 Qxf6 25. Rxf6 cxb3 26. Bxb3 Rc8 27. Re3
Rcd8 28. h3 Bc8 29. a4 Kb8 30. a5 Kc7 31. Ref3 Nh8 32. Nh5 Rd6 33. Nf4 Rxf6 34.
Nxd5+ Kb8 35. Nxf6 h6 36. Re3 Ng6 37. Re8 Rxe8 38. Nxe8 Be6 39. Bxe6 fxe6 40.
Kf2 b6 41. axb6 Kb7 42. Ke3 Kxb6 43. Ng7 e5 44. Nf5 h5 45. g4 hxg4 46. hxg4 a5
47. Kd3 Kb5 48. Nd6+ Kc6 49. Nc4 exd4 50. cxd4 Kb5 51. Ne5 Ne7 52. g5 a4 53. g6
a3 54. Kc3 a2 55. Kb2 Nxg6 56. Nxg6 Kc4 57. Kxa2 Kxd4 1/2-1/2

[Event "FIDE World Rapid Team"]
[Site "Almaty KAZ"]
[Date "2024.08.02"]
[Round "1.4"]
[White "Omar, Temirlan"]
[Black "Zhu, Chen"]
[Result "1/2-1/2"]
[BlackTitle "GM"]
[WhiteElo "1874"]
[BlackElo "2423"]
[WhiteTeam "Future GM"]
[BlackTeam "FIDE Management Board"]
[WhiteFideId "13723960"]
[BlackFideId "8600546"]
[EventDate "2024.08.02"]

1. d4 d5 2. Bf4 Nf6 3. e3 c6 4. Nf3 Bg4 5. Nbd2 Nbd7 6. Bd3 e6 7. O-O Be7 8. h3
Bh5 9. c4 O-O 10. a3 c5 11. Rc1 cxd4 12. exd4 dxc4 13. Nxc4 Nb6 14. Nce5 Qd5 15.
Bb1 Rac8 16. Qd3 Bg6 17. Nxg6 hxg6 18. Ne5 Rfd8 19. Rxc8 Rxc8 20. Rc1 Rxc1+ 21.
Bxc1 Nfd7 22. Qf3 Qxf3 23. Nxf3 Nd5 24. Ne5 N7b6 25. Kf1 g5 26. Ke2 f6 27. Nd3
Nd7 28. Ba2 Kf7 29. f4 gxf4 30. Nxf4 Nxf4+ 31. Bxf4 Nb6 32. Kd3 Nd5 33. Bd2 Bd6
34. g4 Nf4+ 35. Bxf4 Bxf4 36. d5 exd5 37. Bxd5+ Ke7 38. Bxb7 Kd6 39. b3 Bc1 40.
a4 Kc5 41. Kc3 Ba3 42. h4 Bb4+ 43. Kd3 Be1 44. h5 a5 1/2-1/2

[Event "FIDE World Rapid Team"]
[Site "Almaty KAZ"]
[Date "2024.08.02"]
[Round "1.5"]
[White "Reizniece-Ozola, Dana"]
[Black "Nauanova Zhaniya"]
[Result "1/2-1/2"]
[WhiteTitle "WGM"]
[WhiteElo "2255"]
[BlackElo "1835"]
[WhiteTeam "FIDE Management Board"]
[BlackTeam "Future GM"]
[WhiteFideId "11601124"]
[BlackFideId "13780956"]
[EventDate "2024.08.02"]

1. c4 c5 2. Nf3 Nf6 3. Nc3 d5 4. cxd5 Nxd5 5. g3 Nc6 6. Bg2 Nc7 7. O-O e5 8. a3
Be7 9. b4 cxb4 10. axb4 f6 11. b5 Nd4 12. Rb1 O-O 13. b6 axb6 14. Rxb6 Bc5 15.
Rb1 Rb8 16. Na4 Be7 17. Nb6 Be6 18. Nxd4 Qxd4 19. d3 Rfd8 20. Be3 Qd6 21. f4 Nd5
22. Nxd5 Bxd5 23. fxe5 fxe5 24. Rb6 Qd7 25. Bxd5+ Qxd5 26. Qb3 Qxb3 27. Rxb3 b5
28. Rfb1 b4 29. Kg2 Rdc8 30. R1b2 Kf7 31. Bd2 Rb7 32. Kf3 Ke6 33. Ke4 Rd8 34. e3
Rf8 35. Be1 Bd6 36. d4 Rb5 37. Kd3 exd4 38. exd4 Kd5 39. Bd2 Rf3+ 40. Be3 Rb8
41. Ra2 Re8 42. Ra5+ Kc6 43. d5+ Kd7 44. Kd2 Be5 45. Ra7+ Kd6 46. Bc5+ Kxc5 47.
Rxf3 Bc3+ 48. Kd3 Kxd5 49. Rf5+ Ke6 50. Rb5 Rd8+ 51. Ke3 Bd4+ 52. Ke4 Bxa7 53.
Rxb4 1/2-1/2

[Event "FIDE World Rapid Team"]
[Site "Almaty KAZ"]
[Date "2024.08.02"]
[Round "1.6"]
[White "Karepov, Ilya"]
[Black "Musauly, Nurali"]
[Result "0-1"]
[WhiteElo "1719"]
[BlackElo "1816"]
[WhiteTeam "Future GM"]
[BlackTeam "FIDE Management Board"]
[WhiteFideId "13728938"]
[BlackFideId "447000678"]
[EventDate "2024.08.02"]

1. d4 d5 2. Bf4 Nf6 3. e3 c5 4. c3 Qb6 5. Qb3 c4 6. Qxb6 axb6 7. Na3 Bd7 8. Nf3
e6 9. Nc2 Nc6 10. Be2 b5 11. O-O b4 12. Ne5 bxc3 13. bxc3 Nxe5 14. Bxe5 Ne4 15.
Bf3 Nxc3 16. a3 f6 17. Bg3 Be7 18. Rfc1 O-O 19. Ne1 Nb5 20. a4 Nd6 21. e4 Bc6
22. exd5 exd5 23. Nc2 Nf5 24. Bg4 Nxg3 25. hxg3 Rfd8 26. Ne3 Kf7 27. Bf3 Ra5 28.
Re1 g6 29. Ng4 Bf8 30. Ne3 f5 31. g4 f4 32. Nf1 Bg7 33. g5 Rxa4 34. Rad1 b5 35.
Nh2 b4 36. Ng4 b3 37. Re2 c3 38. Rde1 Ra7 39. Re6 Ba4 40. Rb6 Bxd4 41. Nh6+ Kg7
42. Rb4 Bc5 43. Rxf4 b2 0-1

[Event "FIDE World Rapid Team"]
[Site "Almaty KAZ"]
[Date "2024.08.02"]
[Round "1.7"]
[White "Bulatov, Ramil"]
[Black "Isanzhulov, Arystan"]
[Result "0-1"]
[BlackTitle "IM"]
[WhiteElo "2137"]
[BlackElo "2401"]
[WhiteTeam "Chess Dream"]
[BlackTeam "Teniz Kazakhstan"]
[WhiteFideId "4166140"]
[BlackFideId "13711644"]
[EventDate "2024.08.02"]

1. d4 Nf6 2. c4 d6 3. Nc3 Bf5 4. Qb3 b6 5. g3 Nc6 6. e4 Bd7 7. d5 Nb8 8. f4 g6
9. e5 Ng4 10. Nf3 Bg7 11. h3 Nh6 12. g4 O-O 13. Bg2 c6 14. O-O Kh8 15. Bd2 cxd5
16. cxd5 Na6 17. Rae1 Nc5 18. Qc2 Rc8 19. Qb1 b5 20. Nd4 Qb6 21. Be3 b4 22. Ne4
Nxe4 23. Bxe4 Qa6 24. Nc6 Bxc6 25. dxc6 Ng8 26. Bd4 d5 27. Bg2 e6 28. Rc1 Ne7
29. Bc5 Rfe8 30. Bxb4 Nxc6 31. Bc5 Rb8 32. b4 Bf8 33. a3 Na5 34. Rfd1 Nc4 35.
Bxf8 Rxf8 36. Qd3 Qb6+ 37. Qd4 Nxa3 38. Qxb6 axb6 39. Bf1 b5 40. Rc7 Kg8 41. Ra1
Nc4 42. Raa7 Ra8 43. Rxf7 Rxa7 44. Rxa7 Rxf4 45. Rb7 Nd2 46. Bxb5 Rxb4 47. Kg2
Nc4 48. g5 Nxe5 0-1